| 000 | 00515nam a22001337a 4500 | ||
|---|---|---|---|
| 082 |
_a624.154 _bMIX _cD |
||
| 110 |
_aThe Asphalt Institute. _942730 |
||
| 245 |
_aMix design methods for liquid asphalt mixtures / _bAn advisory supplement to mix design method for asphalt concrete (MS-2) _cThe Asphalt Institute. |
||
| 260 |
_aMaryland : _bThe Asphalt Institute Building college Park, Maryland, _c1974. |
||
| 300 | _avi, 70 p. : | ||
| 526 |
_a0 _b0 _c0 _d624_154000000000000_MIX |
||
| 650 |
_aMCE _9379 |
||
| 942 |
_2ddc _cBK |
||
| 999 |
_c546579 _d546579 |
||